Довідник інформаційних матеріалів з консульської тематики для громадян України (Запис № 576728)

МАРК-запис
000 -Лідер
fixed length control field 00763 a2200193 4500
003 - Ідентифікатор контрольного номера
control field UA-OsUOA
005 - Дата та час останнього входження (трансакції)
control field 20240701143934.0
008 - Елементи даних фіксованої довжини – загальна інформація
fixed length control field 240701b un ||||| |||| 00| 0 ukr d
040 ## - Джерело каталогізації
Мова каталогізації ukr
Агенція, яка здійснювала перезапис UA-OsUOA
080 ## - Індекс Універсальної десяткової класифікації
Індекс Універсальної десяткової класифікації (УДК) (НП) 341.8(477)(038)
090 ## - Локальний шифр розміщення
Класифікаційний індекс УДК 341.8(477)(038)
Авторський знак (НП) Д58
245 ## - Відомості про назву
Назва (НП) Довідник інформаційних матеріалів з консульської тематики для громадян України
260 ## - Публікація, розповсюдження і т.п. (Вихідні дані)
Місце публікації, розповсюдження і т.п. (П) К.
Ім’я/ наймення видавництва, розповсюджувача і т.п. (П) Посольство України у США
Дата публікації, розповсюдження і т.п. (П) 2007
300 ## - Фізичний опис
Обсяг 112 с.
650 ## - Додаткове предметне введення – тематичний термін
Тематичний термін чи географічна назва, як елемент введення (НП) 341.8 Консульське право
9 (RLIN) 3539
942 ## - Додаткові елементи входу (Коха)
Тип елемента Koha Книги
Source of classification or shelving scheme Universal Decimal Classification
955 ## - Код типу видання за змістом
Код типу видання за змістом (НП) Довідкові видання
Фонди
Стан вилучень Стан втрат Джерело класифікації або схеми стелажів Стан уражень Не для кредиту Постійне місце розташування Поточне розміщення Дата придбання Джерело придбання Вартість, звичайна ціна покупки Усього замовленно Повний номер виклику Штрих-код Дата останнього перегляду Вартість, ціна заміни Ціна ефективна від Тип елемента Koha
    Universal Decimal Classification     ЧЗ - Читальна зала ЧЗ - Читальна зала 01/07/2024 №45/01.07.2024 20.00   341.8(477)(038) Д58 167622 01/07/2024 20.00 01/07/2024 Книги